| 000 | 01123 a2200217 4500 | ||
|---|---|---|---|
| 003 | NUST | ||
| 005 | 20221118121446.0 | ||
| 010 | _a 73022301 | ||
| 020 | _a003084746X | ||
| 040 | _cNust | ||
| 082 | 0 | 0 | _a515.15,SCH |
| 100 | 1 |
_aSchwartz, Abraham. _9103057 |
|
| 245 | 1 | 0 |
_aCalculus and analytic geometry / _cSchwartz, Abraham. |
| 250 | _a3rd ed. | ||
| 260 |
_aNew York, _bHolt, Rinehart and Winston _c[c1974] |
||
| 300 |
_axv, 1140 p. _billus. _c25 cm. |
||
| 505 | _aThe Derivative and the Anti derivative (Page-1), Integrations (Page-89), Plane Analytic Geometry (Page-163), The Trigonometric Function (Page-329), The Logarithmic and Exponential Functions (Page-377), On the Evaluation of Integrals (Page-427), on the underlying Theory (Page-489), Some Applications (Page-545), Polar Coordinates (Page-641), Solid Analytic Geometry (Page-685), Partial Differentiations (Page-767), Applications of Integral Calculus in three Apace Multiple Integrals (Page-833), Infinite Series (Page-925), Differential Equations (Page-S-0). | ||
| 650 | 0 | _aCalculus. | |
| 650 | 0 | _aGeometry, Analytic. | |
| 942 |
_2ddc _cBK _k515.15,SCH |
||
| 999 |
_c182321 _d182321 |
||